000 00224nam a2200121Ia 4500
100 _a#N/A
650 _aMangement
942 _cBK
654 _aeconomics
245 _aCustomer Services
260 _bET
546 _aENGLISH
999 _c21330
_d21330